Meilleures buteuses de la coupe du monde féminine de football 2023 - Statistiques

Statistiques générales
  • Ce quiz a été pris 153 fois
  • Le résultat moyen est 5 sur 17
Statistiques - réponses
Hint Réponse % Correct
3 buts Aitana Bonmatí
78%
3 buts Eugénie Le Sommer
61%
4 buts Kadidiatou Diani
56%
3 buts Alessia Russo
48%
4 buts Alexandra Popp
38%
3 buts Lauren Hemp
36%
3 buts Jennifer Hermoso
32%
3 buts Lauren James
31%
3 buts Fridolina Rolfö
22%
3 buts Hayley Raso
17%
4 buts Jill Roord
10%
4 buts Amanda Ilestedt
9%
5 buts Hinata Miyazawa
8%
3 buts Alba Redondo
7%
3 buts Sophie Román Haug
6%
3 buts Ary Borges
5%
3 buts Rebecka Blomqvist
5%
Aucun quiz correspondant
Distribution des résultats
% des personnes avec chaque résultat
Percentile par nombre de réponses
Votre historique - résultats
Vous n’avez pas pris ce quiz